[Event "Vasylyshyn Memorial GM"]
[Site "Lviv UKR"]
[Date "2010.11.23"]
[Round "1"]
[White "Semcesen, Daniel"]
[Black "Fedoseev, Vladimir"]
[Result "1/2-1/2"]
[WhiteTitle "IM"]
[BlackTitle "IM"]
[WhiteElo "2449"]
[BlackElo "2477"]
[WhiteFideId "1706993"]
[BlackFideId "24130737"]
[EventDate "2010.11.23"]
[EventType "tourn"]

1. c4 e6 2. Nc3 c5 3. Nf3 Nc6 4. g3 d5 5. cxd5 exd5 6. d4 Nf6 7. Bg2 cxd4 8.
Nxd4 Qb6 9. Nxc6 bxc6 10. O-O Be7 11. e4 dxe4 12. Nxe4 Nd5 13. Nc3 Nxc3 14. bxc3
O-O 15. Be3 Qa6 16. Qf3 Be6 1/2-1/2

[Event "Vasylyshyn Memorial GM"]
[Site "Lviv UKR"]
[Date "2010.11.24"]
[Round "2"]
[White "Vysochin, Spartak"]
[Black "Vovk, Andrey"]
[Result "1/2-1/2"]
[WhiteTitle "GM"]
[BlackTitle "GM"]
[WhiteElo "2550"]
[BlackElo "2546"]
[WhiteFideId "14103516"]
[BlackFideId "14114470"]
[EventDate "2010.11.23"]
[EventType "tourn"]

1. e4 e5 2. Nf3 Nc6 3. Bc4 Bc5 4. c3 Nf6 5. d3 a6 6. O-O Ba7 7. Re1 O-O 8. Bb3
h6 9. Nbd2 d6 10. h3 Ne7 11. Nf1 Ng6 12. Ng3 Be6 13. d4 Re8 14. Bxe6 fxe6 15.
dxe5 Nxe5 16. Nxe5 dxe5 17. Qb3 Qd7 18. Be3 Bxe3 19. Rxe3 Qb5 20. Rd1 Qxb3 21.
axb3 Rad8 22. Red3 Rxd3 23. Rxd3 Kf7 24. f3 Ke7 25. Kf2 Rd8 26. Rxd8 1/2-1/2

[Event "Vasylyshyn Memorial GM"]
[Site "Lviv UKR"]
[Date "2010.11.24"]
[Round "2"]
[White "Smith, Axel"]
[Black "Polivanov, Anatoliy"]
[Result "1/2-1/2"]
[WhiteTitle "IM"]
[BlackTitle "IM"]
[WhiteElo "2448"]
[BlackElo "2395"]
[WhiteFideId "1707930"]
[BlackFideId "14109468"]
[EventDate "2010.11.23"]
[EventType "tourn"]

1. c4 Nf6 2. Nc3 e6 3. e4 Nc6 4. Nf3 e5 5. a3 d6 6. d4 Bg4 7. d5 Nd4 8. Be3 g6
9. Bxd4 exd4 10. Qxd4 Bxf3 11. gxf3 Bg7 12. Qe3 O-O 13. Be2 Nh5 14. f4 Qh4 15.
Bxh5 Qxh5 16. O-O Rae8 17. f3 f5 18. Ne2 Qh3 19. Ng3 h5 20. Rf2 h4 21. Nf1 fxe4
22. Re1 Kh7 23. Nd2 exf3 24. Ne4 Qg4+ 25. Kh1 Kh8 26. Qxf3 Qxf3+ 27. Rxf3 Bxb2
28. Kg2 Bc1 29. Rxc1 Rxe4 30. c5 Rexf4 31. Rxf4 Rxf4 32. cxd6 cxd6 33. Rc7 Ra4
34. Rxb7 Rxa3 35. Rd7 g5 36. Rxd6 Kg7 37. Re6 Kf7 38. Re4 Kf6 39. d6 Rd3 40. Ra4
Rxd6 41. Rxa7 g4 42. Ra5 Rd2+ 43. Kg1 Rd1+ 44. Kf2 h3 45. Kg3 Rg1+ 46. Kh4 g3
47. Kxh3 gxh2 48. Kxh2 Rg5 49. Rxg5 Kxg5 1/2-1/2

[Event "Vasylyshyn Memorial GM"]
[Site "Lviv UKR"]
[Date "2010.11.24"]
[Round "2"]
[White "Fedoseev, Vladimir"]
[Black "Grabliauskas, Virginijus"]
[Result "1-0"]
[WhiteTitle "IM"]
[BlackTitle "IM"]
[WhiteElo "2477"]
[BlackElo "2404"]
[WhiteFideId "24130737"]
[BlackFideId "12800597"]
[EventDate "2010.11.23"]
[EventType "tourn"]

1. d4 Nf6 2. c4 e6 3. Nc3 d5 4. Bg5 Be7 5. Nf3 O-O 6. Qc2 dxc4 7. e3 c5 8. dxc5
Qa5 9. Bxc4 Qxc5 10. Bd3 h6 11. Bh4 Nc6 12. a3 Ne5 13. Nxe5 Qxe5 14. O-O Bd7 15.
Rfd1 Bc6 16. Bg3 Qg5 17. h4 Qh5 18. Be2 Qf5 19. Qxf5 exf5 20. Bd6 Bxd6 21. Rxd6
Rfd8 22. Rad1 Rxd6 23. Rxd6 Kf8 24. Rd4 Ke7 25. Bb5 Rc8 26. Rc4 Bd7 27. Rb4 Be6
28. Bd3 b6 29. Rd4 Rc5 30. Ra4 a5 31. Rd4 Ng4 32. g3 Ne5 33. Be2 Bc4 34. Kf1 Ke6
35. Rd8 Bxe2+ 36. Kxe2 Nc4 37. b4 Rc6 38. Nb5 Ke7 39. Rb8 axb4 40. axb4 Kf6 41.
Na7 Rd6 42. Rc8 Ne5 43. Rc3 g5 44. f4 gxf4 45. gxf4 Ng6 46. Nb5 Re6 47. Nc7 Re4
48. Rc6+ Kg7 49. Nd5 Nxh4 50. Rxb6 Ng6 51. Rb7 h5 52. b5 Ra4 53. b6 Ra5 54. Nc3
Ra6 55. Nb5 h4 56. Nd6 h3 57. Rxf7+ Kg8 58. b7 Rb6 59. Rxf5 Rb2+ 60. Kd3 Rb6 61.
Rb5 Rxd6+ 1-0

[Event "Vasylyshyn Memorial GM"]
[Site "Lviv UKR"]
[Date "2010.11.24"]
[Round "2"]
[White "Petr, Martin"]
[Black "Bernadskiy, Vitaliy"]
[Result "1-0"]
[WhiteTitle "IM"]
[BlackTitle "IM"]
[WhiteElo "2462"]
[BlackElo "2438"]
[WhiteFideId "318299"]
[BlackFideId "14100371"]
[EventDate "2010.11.23"]
[EventType "tourn"]

1. e4 e5 2. Nf3 Nc6 3. d4 exd4 4. Nxd4 Nf6 5. Nxc6 bxc6 6. e5 Qe7 7. Qe2 Nd5 8.
c4 Nb6 9. Nc3 Qe6 10. Qe4 Bc5 11. Bd3 Ba6 12. b3 O-O-O 13. Bb2 Rde8 14. O-O-O
Bxf2 15. Qf4 Bc5 16. Ne4 Be7 17. Rhf1 Rhf8 18. Qg3 Qh6+ 19. Kb1 f5 20. exf6 Bxf6
21. Nxf6 gxf6 22. Bc1 Qh5 23. Bf5 Rg8 24. Qh3 Qe2 25. Bxd7+ Nxd7 26. Qxd7+ Kb8
27. g3 Bc8 28. Qxc6 Re6 29. Qb5+ Rb6 30. Qd5 Be6 31. Qd2 Bxc4 32. Rf4 Qxd2 33.
Rxd2 Bf7 34. Rdf2 Bg6+ 35. Kb2 Re8 36. Bd2 Ree6 37. Bc3 f5 38. Rd4 Kb7 39. Bd2
Re4 40. Rd7 Rd6 41. Rg7 Rde6 42. h4 Re7 43. Rxe7 Rxe7 44. Bg5 Re6 45. Rd2 Rd6
46. Re2 Rd7 47. Re5 Rf7 48. Kc3 Bh5 49. Rb5+ Kc6 50. Rb8 Rd7 51. Be3 a6 52. Rf8
Rf7 53. Ra8 Be2 54. Kd2 Bf1 55. h5 Rd7+ 56. Kc2 Kb7 57. Rh8 Bd3+ 58. Kb2 Be2 59.
h6 Bh5 60. Kc3 Bg6 61. Bd4 Re7 62. Rg8 Re6 63. Rg7 Kc6 64. Kc4 Kd6 65. b4 Kc6
66. a4 Kd6 67. b5 axb5+ 68. axb5 Bh5 69. Bc5+ Ke5 70. Rxh7 f4 71. Bd4+ Kf5 72.
Rxc7 Rxh6 73. Rc5+ Kg4 74. gxf4 Kxf4 75. Re5 Bf3 76. Re7 Rh1 77. b6 Rb1 78. Bc5
Rc1+ 79. Kb5 Rd1 80. b7 Bxb7 81. Rxb7 Rb1+ 82. Bb4 Rd1 83. Kc4 Rc1+ 84. Bc3 Rd1
85. Bd4 Rc1+ 86. Kd5 Rh1 87. Rf7+ Kg5 88. Be5 Kg4 89. Rf4+ Kh3 90. Ke4 Rg1 91.
Rf8 Re1+ 92. Kf5 Rb1 93. Rg8 Rb3 94. Bf4 Rb5+ 95. Ke4 Rb3 96. Rg6 Kh4 97. Kf5
Kh3 98. Rg1 Rb7 99. Ke4 Rb3 100. Be3 Kh4 101. Kf3 Kh5 102. Rg5+ Kh4 103. Ra5 Rc3
104. Ra1 Kh5 105. Ra6 1-0

[Event "Vasylyshyn Memorial GM"]
[Site "Lviv UKR"]
[Date "2010.11.25"]
[Round "3"]
[White "Bernadskiy, Vitaliy"]
[Black "Vysochin, Spartak"]
[Result "1/2-1/2"]
[WhiteTitle "IM"]
[BlackTitle "GM"]
[WhiteElo "2438"]
[BlackElo "2550"]
[WhiteFideId "14100371"]
[BlackFideId "14103516"]
[EventDate "2010.11.23"]
[EventType "tourn"]

1. e4 e6 2. d4 d5 3. Nc3 Bb4 4. e5 c5 5. a3 Bxc3+ 6. bxc3 Ne7 7. Qg4 cxd4 8.
Qxg7 Rg8 9. Qxh7 Qc7 10. Ne2 Nbc6 11. f4 dxc3 12. Qd3 d4 13. h4 b6 14. h5 Bb7
15. h6 O-O-O 16. h7 Rh8 17. Rh3 Ng6 18. Kf2 Nf8 19. Ng3 Kb8 20. Rb1 f6 21. exf6
Rxh7 22. Rxh7 Nxh7 23. Qg6 Rf8 24. Nh5 Qf7 25. Qxf7 Rxf7 26. f5 Nxf6 27. fxe6
Rf8 28. Bf4+ Ka8 29. Nxf6 Rxf6 30. g3 Rxe6 31. Re1 Bc8 32. Bg2 Kb7 33. Rxe6 Bxe6
34. Be5 Bf5 35. Bxd4 Bxc2 36. Bxc3 Kc7 37. g4 1/2-1/2

[Event "Vasylyshyn Memorial GM"]
[Site "Lviv UKR"]
[Date "2010.11.25"]
[Round "3"]
[White "Semcesen, Daniel"]
[Black "Petr, Martin"]
[Result "1/2-1/2"]
[WhiteTitle "IM"]
[BlackTitle "IM"]
[WhiteElo "2449"]
[BlackElo "2462"]
[WhiteFideId "1706993"]
[BlackFideId "318299"]
[EventDate "2010.11.23"]
[EventType "tourn"]

1. c4 Nf6 2. Nc3 d5 3. cxd5 Nxd5 4. g3 e5 5. Bg2 Nb6 6. Nf3 Nc6 7. Rb1 f5 8. d3
Be7 9. O-O O-O 10. b4 Bf6 11. b5 Nd4 12. Nd2 a6 13. a4 axb5 14. axb5 Kh8 15. Bb2
c6 16. bxc6 Nxc6 17. Nb5 Be6 18. Ra1 Qd7 19. Nb3 Rxa1 20. Bxa1 Qe7 21. Bc3 Rd8
22. Qb1 Bd5 23. Rc1 Bxg2 24. Kxg2 Nd5 25. Ba1 e4 26. N5d4 Nxd4 27. Nxd4 exd3 28.
Qxd3 Qe4+ 29. Qxe4 fxe4 30. Nb5 Bxa1 31. Rxa1 Kg8 32. Ra4 Nf6 33. e3 Rd7 34. Nc3
Re7 35. Rb4 Kf7 36. h3 h5 37. Na4 Rc7 38. Rb5 Ke7 39. Rb6 Kd7 40. Rb5 Kd6 41.
Rb4 Re7 42. Rb6+ Kd5 43. Rb4 Kc6 44. Rb6+ Kc7 45. Rb5 Rd7 46. Rb4 Rd5 47. Nc3
Re5 48. Rc4+ Kd6 49. Rb4 Kc6 50. Kf1 b5 51. Ke2 Kb6 52. Rb1 g5 53. f4 exf3+ 54.
Kxf3 Ka5 55. h4 Rf5+ 56. Ke2 gxh4 57. gxh4 b4 58. Na2 Rb5 59. Kf3 Nd5 60. e4 Nc3
61. Rxb4 Rxb4 62. Nxb4 Kxb4 1/2-1/2

[Event "Vasylyshyn Memorial GM"]
[Site "Lviv UKR"]
[Date "2010.11.25"]
[Round "3"]
[White "Grabliauskas, Virginijus"]
[Black "Oleksienko, Mikhailo"]
[Result "1/2-1/2"]
[WhiteTitle "IM"]
[BlackTitle "GM"]
[WhiteElo "2404"]
[BlackElo "2559"]
[WhiteFideId "12800597"]
[BlackFideId "4152417"]
[EventDate "2010.11.23"]
[EventType "tourn"]

1. d4 Nf6 2. c4 c5 3. d5 b5 4. cxb5 a6 5. bxa6 g6 6. Nc3 Bxa6 7. e4 Bxf1 8. Kxf1
d6 9. g3 Bg7 10. Kg2 Nbd7 11. Nf3 O-O 12. h3 Qa5 13. Re1 Rfb8 14. Re2 Ne8 15.
Bg5 Bxc3 16. bxc3 f6 17. Bd2 Qa4 18. Qe1 Nc7 19. h4 Qc4 20. h5 Rxa2 21. Rxa2
Qxa2 22. hxg6 hxg6 23. Qh1 Rb2 24. Qh6 Nf8 25. Nh4 Kf7 26. Nxg6 Nxg6 27. Qh7+
Ke8 28. Qxg6+ Kd8 29. Qh6 Qc4 30. Qe3 Nb5 31. Re1 Qa2 32. Rd1 Na3 33. Bc1 Nc4
34. Qf4 Re2 35. Rh1 Qc2 36. Rh4 Kc7 37. Rh7 Rxf2+ 38. Qxf2 Qxe4+ 39. Kg1 Qxh7
40. Qa2 Qd3 1/2-1/2

[Event "Vasylyshyn Memorial GM"]
[Site "Lviv UKR"]
[Date "2010.11.25"]
[Round "3"]
[White "Polivanov, Anatoliy"]
[Black "Fedoseev, Vladimir"]
[Result "1/2-1/2"]
[WhiteTitle "IM"]
[BlackTitle "IM"]
[WhiteElo "2395"]
[BlackElo "2477"]
[WhiteFideId "14109468"]
[BlackFideId "24130737"]
[EventDate "2010.11.23"]
[EventType "tourn"]

1. e4 e6 2. d4 d5 3. e5 c5 4. c3 Qb6 5. Nf3 Nc6 6. Bd3 Bd7 7. dxc5 Bxc5 8. Qe2
f6 9. b4 Be7 10. b5 Nxe5 11. Nxe5 fxe5 12. Qxe5 Nf6 13. Be3 Qd6 14. Bf4 Qxe5+
15. Bxe5 O-O 16. f3 Nh5 17. Nd2 Rac8 18. g3 Bf6 19. Bxf6 Nxf6 20. c4 dxc4 21.
Bxc4 Nd5 22. Kf2 Rfd8 23. Rhc1 Nb6 24. Bb3 Kf7 25. Ne4 Bxb5 26. Rxc8 Nxc8 27.
Rc1 Bc6 28. Ng5+ Kf6 29. h4 h6 30. Nxe6 Rd3 31. Nf4 Rd2+ 32. Ke3 Rd8 33. Nh5+
Kg6 34. Nf4+ Kf6 1/2-1/2

[Event "Vasylyshyn Memorial GM"]
[Site "Lviv UKR"]
[Date "2010.11.25"]
[Round "3"]
[White "Vovk, Andrey"]
[Black "Smith, Axel"]
[Result "1/2-1/2"]
[WhiteTitle "GM"]
[BlackTitle "IM"]
[WhiteElo "2546"]
[BlackElo "2448"]
[WhiteFideId "14114470"]
[BlackFideId "1707930"]
[EventDate "2010.11.23"]
[EventType "tourn"]

1. e4 c5 2. Nf3 g6 3. d4 cxd4 4. Nxd4 Nc6 5. c4 Nf6 6. Nc3 Nxd4 7. Qxd4 d6 8.
Be2 Bg7 9. Bg5 O-O 10. Qe3 Be6 11. O-O Qb6 12. Qd2 Rfc8 13. Rac1 Qa5 14. b3 a6
15. Bf3 Rab8 1/2-1/2

[Event "Vasylyshyn Memorial GM"]
[Site "Lviv UKR"]
[Date "2010.11.26"]
[Round "4"]
[White "Vysochin, Spartak"]
[Black "Smith, Axel"]
[Result "1-0"]
[WhiteTitle "GM"]
[BlackTitle "IM"]
[WhiteElo "2550"]
[BlackElo "2448"]
[WhiteFideId "14103516"]
[BlackFideId "1707930"]
[EventDate "2010.11.23"]
[EventType "tourn"]

1. e4 e5 2. Nf3 Nc6 3. Nc3 Nf6 4. Bb5 Bc5 5. Bxc6 dxc6 6. d3 O-O 7. O-O Bg4 8.
h3 Bh5 9. Bg5 h6 10. Bh4 g5 11. Bg3 Bd6 12. Qe2 Nd7 13. Bh2 Re8 14. Nd1 Nc5 15.
Ne3 Ne6 16. Ng4 Bxg4 17. hxg4 c5 18. Nd2 f6 19. Nc4 Kf7 20. Ne3 Rh8 21. g3 Qd7
22. Kg2 Rh7 23. Rh1 Rah8 24. Bg1 Ng7 25. f3 h5 26. gxh5 Nxh5 27. Bf2 Ng7 28.
Rxh7 Rxh7 29. Ng4 Ne6 30. c3 Kg7 31. Qc2 Qb5 32. a4 Qe8 33. Rg1 a5 34. Qb3 b6
35. Rh1 Rxh1 36. Kxh1 Kg6 37. Kg2 Qf7 38. Qd1 Qh7 39. Ne3 Qd7 40. Nd5 Bf8 41.
Qb3 Bd6 42. Ne3 Qf7 43. Qb5 Ng7 44. Nc4 Qe7 45. d4 Ne6 46. dxe5 Bxe5 47. Qc6 Ng7
48. Qd5 Qe8 49. Be3 Qe6 50. Qd3 Nh5 51. Bf2 g4 52. b3 Kg7 53. Qe2 gxf3+ 54. Qxf3
Kg6 55. Ne3 Bxc3 56. Nf5 Qe8 57. Nh4+ Kh7 58. Qxc3 Qxe4+ 59. Qf3 Qxf3+ 60. Kxf3
Ng7 61. Ke4 Ne8 62. Kd5 Kh6 63. Kc6 Kh5 64. Kd7 c4 65. Kxe8 cxb3 66. Bd4 c6 67.
Kd7 b5 68. Bxf6 bxa4 69. Bb2 Kg4 70. Kxc6 Kxg3 71. Ng6 Kf3 72. Kb5 Ke4 73. Kxa4
Kd3 74. Kxb3 a4+ 75. Ka3 Kc4 76. Ne5+ Kd5 77. Kxa4 Ke4 78. Kb4 Kd5 79. Nd3 Ke4
80. Kc4 Ke3 81. Be5 Ke4 82. Bd4 Kf3 83. Kd5 Kg4 84. Ke5 Kf3 85. Kf5 Ke2 86. Ke4
Kd2 87. Nb4 Ke2 88. Be3 Ke1 89. Nc6 Kd1 90. Nd4 Ke1 91. Kf3 Kd1 92. Nf5 Kc2 93.
Ke2 Kc3 94. Nd6 Kb4 95. Bb6 Kc3 96. Bc5 Kc2 97. Bd4 Kb3 98. Kd3 Kb4 99. Bb6 Kb3
100. Nf5 Ka4 101. Kc4 Ka3 102. Bd4 Ka2 103. Kb4 Kb1 104. Ne3 Ka2 105. Bc3 Kb1
106. Kb3 Kc1 107. Bb4 Kb1 108. Bd2 Ka1 109. Nc2+ Kb1 110. Na3+ Ka1 111. Bc3# 1-0

[Event "Vasylyshyn Memorial GM"]
[Site "Lviv UKR"]
[Date "2010.11.26"]
[Round "4"]
[White "Fedoseev, Vladimir"]
[Black "Vovk, Andrey"]
[Result "1/2-1/2"]
[WhiteTitle "IM"]
[BlackTitle "GM"]
[WhiteElo "2477"]
[BlackElo "2546"]
[WhiteFideId "24130737"]
[BlackFideId "14114470"]
[EventDate "2010.11.23"]
[EventType "tourn"]

1. d4 Nf6 2. c4 g6 3. g3 Bg7 4. Bg2 O-O 5. Nc3 d6 6. Nf3 Nc6 7. O-O a6 8. h3 Rb8
9. e4 Nd7 10. Bg5 h6 11. Be3 e5 12. Rc1 exd4 13. Nxd4 Nde5 14. b3 Nxd4 15. Bxd4
c5 16. Be3 Kh7 17. f4 Nc6 18. Qd2 Bd4 19. Bxd4 Nxd4 20. Ne2 Nxe2+ 21. Qxe2 Qe7
22. Qd2 b5 23. Rfe1 Rd8 24. Qf2 Bb7 25. Kh2 Rbc8 26. Qc2 Rc7 27. Qc3 b4 28. Qd2
Qe8 29. Re3 Re7 30. Rce1 Re6 31. h4 h5 32. Qe2 Qc6 33. g4 hxg4 34. Qxg4 Qe8 35.
f5 Re5 36. Rg3 Qg8 37. Rf1 Qg7 38. Qf4 Rde8 39. h5 g5 40. Rxg5 Qh6 41. Qg3 Bxe4
42. Bxe4 Rxe4 43. f6 R4e5 44. Qd3+ Kh8 45. Rff5 Rxf5 46. Qxf5 Re6 47. Rg6 Re2+
48. Rg2 Rxg2+ 49. Kxg2 Qd2+ 50. Kg3 Qe1+ 51. Kg4 Qg1+ 52. Kf4 Qc1+ 53. Kg4 Qg1+
54. Kh4 Qe1+ 55. Kg5 Qe8 56. Qf4 Kh7 57. Qxd6 Qe3+ 58. Qf4 Qg1+ 59. Kf5 Qd1 60.
Kg5 Qg1+ 61. Kh4 Qh1+ 62. Kg4 Qg1+ 63. Qg3 Qd4+ 64. Qf4 Qg1+ 65. Kf5 Qd1 66. Qg5
Qd3+ 67. Kf4 Qd2+ 68. Kg4 Qd4+ 69. Kh3 Qd3+ 70. Kh2 Qe2+ 71. Kg3 Qe1+ 72. Kf3
Qd1+ 73. Kf2 Qc2+ 74. Kg3 Qc3+ 75. Kh2 Qb2+ 76. Kh3 Qc3+ 77. Kg2 Qc2+ 78. Kg3
Qd3+ 79. Kf4 Qd2+ 80. Kg4 Qe2+ 81. Kf5 Qd3+ 1/2-1/2

[Event "Vasylyshyn Memorial GM"]
[Site "Lviv UKR"]
[Date "2010.11.26"]
[Round "4"]
[White "Oleksienko, Mikhailo"]
[Black "Polivanov, Anatoliy"]
[Result "1-0"]
[WhiteTitle "GM"]
[BlackTitle "IM"]
[WhiteElo "2559"]
[BlackElo "2395"]
[WhiteFideId "4152417"]
[BlackFideId "14109468"]
[EventDate "2010.11.23"]
[EventType "tourn"]

1. d4 Nf6 2. c4 e6 3. Nc3 Bb4 4. Qc2 d5 5. cxd5 exd5 6. Bg5 c5 7. a3 Bxc3+ 8.
Qxc3 cxd4 9. Qxd4 Nc6 10. Qf4 d4 11. Bxf6 Qxf6 12. Qxf6 gxf6 13. g3 Bf5 14. Rc1
O-O 15. Bh3 Be4 16. f3 Bd5 17. Bf5 Be6 18. Be4 f5 19. Bd3 Rac8 20. Nh3 Na5 21.
Kf2 Nb3 22. Rxc8 Rxc8 23. Nf4 Kg7 24. g4 Nc5 25. Bb1 fxg4 26. Rg1 Kf6 27. fxg4
h6 28. h4 Rg8 29. Kf3 Bd7 30. Ba2 Bc6+ 31. Bd5 Na4 32. Bxc6 bxc6 33. Rc1 c5 34.
Rc4 Nxb2 35. Rxc5 Rb8 36. Ke4 Rb3 37. Rc6+ Kg7 38. Ra6 Nc4 39. a4 Nd2+ 40. Kd5
Rb7 41. Nh5+ Kh7 42. Nf6+ Kg7 43. Kxd4 Nb3+ 44. Kd5 Rb4 45. e4 Rd4+ 46. Ke5 Nc5
47. Rc6 Rc4 48. Kd5 1-0

[Event "Vasylyshyn Memorial GM"]
[Site "Lviv UKR"]
[Date "2010.11.26"]
[Round "4"]
[White "Bernadskiy, Vitaliy"]
[Black "Semcesen, Daniel"]
[Result "1/2-1/2"]
[WhiteTitle "IM"]
[BlackTitle "IM"]
[WhiteElo "2438"]
[BlackElo "2449"]
[WhiteFideId "14100371"]
[BlackFideId "1706993"]
[EventDate "2010.11.23"]
[EventType "tourn"]

1. e4 e5 2. Nf3 Nc6 3. Bb5 Nf6 4. O-O Bc5 5. Nxe5 Nxe4 6. Qe2 Nxe5 7. Qxe4 Qe7
8. Nc3 Ng6 9. Qxe7+ Bxe7 10. Nd5 Bd6 11. Re1+ Kd8 12. Bc4 Re8 13. Ne3 f6 14. d4
c6 15. Bd2 Bf4 16. g3 Bxe3 17. fxe3 d5 18. Bd3 f5 19. b4 Bd7 20. a4 Ne7 21. b5
g6 22. c4 dxc4 23. Bxc4 Nd5 24. Ba5+ Ke7 25. Rac1 Rac8 26. bxc6 Bxc6 27. Bb3 Kd6
28. Bd2 Bd7 29. Rxc8 Rxc8 30. e4 fxe4 31. Rxe4 Re8 32. Rxe8 Bxe8 33. Kg2 Bd7 34.
Kf3 Be6 35. Bh6 b6 36. Bd2 a5 37. h4 h5 38. Bc4 Bd7 39. Bb3 Be6 40. Bc4 Bg4+ 41.
Ke4 Bf5+ 42. Kf3 Bc2 43. Bb5 Bd1+ 44. Kf2 Bc2 45. Ke2 Be4 46. Bd3 Bf5 47. Bb5
Be4 48. Kd1 Ke6 49. Kc1 Kf5 50. Bd7+ Kf6 51. Bg5+ Kf7 52. Bd8 Bf5 53. Bc6 Ke6
54. Kb2 Kd6 55. Be8 Bd3 56. Kb3 Ke6 57. Bc6 Kd6 58. Bb7 Be2 59. Kc2 Bc4 60. Bc8
Bf1 61. Kd2 Bc4 62. Kc2 Bf1 63. Kb3 Be2 64. Kc2 Bf1 65. Kb2 Be2 66. Bh3 Bd1 67.
Ka3 Ne3 68. Ka2 Nd5 69. Ka3 Ne3 70. Ka2 Bxa4 71. Bxb6 Bd7 72. Bxd7 Kxd7 73. Bxa5
Nf5 74. Be1 Nxd4 75. Bf2 Nb5 76. Kb3 Ke6 77. Kc4 Nd6+ 78. Kd4 Kf5 79. Kd5 Nb5
80. Kc4 Nd6+ 81. Kd5 Ne4 82. Be1 Nf6+ 83. Kd6 g5 84. hxg5 Ne4+ 85. Kd5 Nxg5 86.
Bf2 Nh3 87. Be1 Ng1 88. Ba5 Ne2 89. Bc7 Kg4 90. Ke4 Nxg3+ 91. Ke3 Kh3 92. Kf2 h4
93. Bd8 Ne4+ 94. Kg1 Nd2 95. Bxh4 Nf3+ 96. Kf2 Nxh4 1/2-1/2

[Event "Vasylyshyn Memorial GM"]
[Site "Lviv UKR"]
[Date "2010.11.27"]
[Round "5"]
[White "Semcesen, Daniel"]
[Black "Vysochin, Spartak"]
[Result "0-1"]
[WhiteTitle "IM"]
[BlackTitle "GM"]
[WhiteElo "2449"]
[BlackElo "2550"]
[WhiteFideId "1706993"]
[BlackFideId "14103516"]
[EventDate "2010.11.23"]
[EventType "tourn"]

1. c4 e5 2. Nc3 Bb4 3. Nd5 Bc5 4. b4 Bf8 5. Qb3 c6 6. Nc3 Nf6 7. Nf3 e4 8. Nd4
a5 9. b5 Bc5 10. e3 O-O 11. Be2 d5 12. cxd5 cxd5 13. Na4 Bxd4 14. exd4 Bg4 15.
Bf1 Re8 16. h3 Bf5 17. Be2 Nbd7 18. g4 Bg6 19. Ba3 Rc8 20. Rc1 Rxc1+ 21. Bxc1
Nf8 22. Bb2 Ne6 23. Qg3 Ng5 24. O-O h5 25. Kg2 Nf3 26. Rc1 Nh7 27. Qf4 f5 28.
gxh5 Bxh5 29. Ba3 Qf6 30. Rc7 Nhg5 31. Qd6 Ne6 32. Rxb7 f4 0-1

[Event "Vasylyshyn Memorial GM"]
[Site "Lviv UKR"]
[Date "2010.11.27"]
[Round "5"]
[White "Polivanov, Anatoliy"]
[Black "Petr, Martin"]
[Result "1/2-1/2"]
[WhiteTitle "IM"]
[BlackTitle "IM"]
[WhiteElo "2395"]
[BlackElo "2462"]
[WhiteFideId "14109468"]
[BlackFideId "318299"]
[EventDate "2010.11.23"]
[EventType "tourn"]

1. e4 e6 2. d4 d5 3. e5 c5 4. c3 Nc6 5. Nf3 Bd7 6. Bd3 cxd4 7. cxd4 Qb6 8. O-O
Nxd4 9. Nbd2 Ne7 10. Nxd4 Qxd4 11. Nf3 Qb6 12. Be3 Qc7 13. Rc1 Nc6 14. Bb1 Be7
15. Qd3 Rc8 16. a3 Qb8 17. b4 a6 18. Bf4 Na7 19. Nd4 Nb5 20. Rxc8+ Qxc8 21. Rc1
Qd8 22. Nb3 Bc6 23. Be3 d4 24. Nxd4 Nxd4 25. Qxd4 Qxd4 26. Bxd4 O-O 27. Bb6 Bg5
28. Rc3 Bf4 29. Bc7 f6 30. Bd3 Bd5 31. exf6 Rxf6 32. Bxf4 Rxf4 33. f3 a5 34.
bxa5 Ra4 35. Kf2 Rxa5 36. Ke3 Bc6 37. Be4 Bxe4 38. Kxe4 Kf7 39. Rc7+ Kg6 40.
Rxb7 Rxa3 41. Kf4 h5 1/2-1/2

[Event "Vasylyshyn Memorial GM"]
[Site "Lviv UKR"]
[Date "2010.11.27"]
[Round "5"]
[White "Smith, Axel"]
[Black "Fedoseev, Vladimir"]
[Result "1/2-1/2"]
[WhiteTitle "IM"]
[BlackTitle "IM"]
[WhiteElo "2448"]
[BlackElo "2477"]
[WhiteFideId "1707930"]
[BlackFideId "24130737"]
[EventDate "2010.11.23"]
[EventType "tourn"]

1. d4 d5 2. c4 c6 3. e3 Nf6 4. Nc3 g6 5. Nf3 Bg7 6. Be2 O-O 7. O-O dxc4 8. Bxc4
Bg4 9. h3 Bxf3 10. Qxf3 Nbd7 11. Rd1 e5 12. d5 Qb6 13. dxc6 bxc6 14. e4 Qb4 15.
Qe2 Nb6 16. Bb3 Nfd7 17. Be3 Nc5 18. Bxc5 Qxc5 19. Rd3 Rad8 20. Qf3 Qe7 21. Rad1
Bf6 22. Kf1 Kg7 23. Rxd8 1/2-1/2

[Event "Vasylyshyn Memorial GM"]
[Site "Lviv UKR"]
[Date "2010.11.28"]
[Round "6"]
[White "Vysochin, Spartak"]
[Black "Fedoseev, Vladimir"]
[Result "1-0"]
[WhiteTitle "GM"]
[BlackTitle "IM"]
[WhiteElo "2550"]
[BlackElo "2477"]
[WhiteFideId "14103516"]
[BlackFideId "24130737"]
[EventDate "2010.11.23"]
[EventType "tourn"]

1. e4 e6 2. d4 d5 3. Nd2 c5 4. Ngf3 cxd4 5. Nxd4 Nf6 6. exd5 Qxd5 7. N2f3 a6 8.
Bd3 Nbd7 9. O-O Bc5 10. c4 Qd6 11. Nb3 Ba7 12. Qe2 O-O 13. Bg5 Qc7 14. Rad1 Re8
15. Bh4 e5 16. Bb1 g6 17. Nfd2 e4 18. c5 e3 19. fxe3 Nxc5 20. Bxf6 Nxb3 21. Ne4
Nc5 22. Rc1 Bf5 23. Rxf5 gxf5 24. Qh5 Qf4 25. Bg5 Qxe4 26. Bxe4 Rxe4 27. Bh6 Re6
28. b4 Ne4 29. Qxf5 Nd6 30. Qg4+ Rg6 31. Qh3 Re8 32. Bf4 Rge6 33. Kf1 Bxe3 34.
Bxe3 Rxe3 35. Qg4+ Kf8 36. Qd4 R3e6 37. Qh8+ Ke7 38. Qxh7 Kd7 39. Qc2 Rc8 40.
Qd1 Rh8 41. h3 Rh4 42. a3 Rhh6 43. Qc2 Ke7 44. Kg1 Kf8 45. Rf1 Kg7 46. Qc3+ Kg8
47. Rf3 Kf8 48. Re3 Ref6 49. Qe5 Rhg6 50. g4 b5 51. Kg2 Kg8 52. Qd4 Kh7 53. Rg3
Re6 54. Qd3 Nc4 55. Qf5 Kg7 56. Qd3 Re5 57. Rf3 Rd6 58. Qc3 f6 59. Kg3 Rd2 60.
Kh4 Rd6 61. Rd3 Rde6 62. Rd7+ Kg6 63. Qd3+ Re4 64. Qd5 1-0

[Event "Vasylyshyn Memorial GM"]
[Site "Lviv UKR"]
[Date "2010.11.28"]
[Round "6"]
[White "Petr, Martin"]
[Black "Vovk, Andrey"]
[Result "1-0"]
[WhiteTitle "IM"]
[BlackTitle "GM"]
[WhiteElo "2462"]
[BlackElo "2546"]
[WhiteFideId "318299"]
[BlackFideId "14114470"]
[EventDate "2010.11.23"]
[EventType "tourn"]

1. e4 e5 2. Nf3 Nc6 3. d4 exd4 4. Nxd4 Bc5 5. Nxc6 Qf6 6. Qf3 bxc6 7. Nc3 Qxf3
8. gxf3 Ne7 9. Be3 Bxe3 10. fxe3 d6 11. Rg1 O-O 12. f4 f5 13. e5 dxe5 14. Bc4+
Kh8 15. O-O-O Ng6 16. Rd3 a5 17. Ne2 Re8 18. Bf7 Ba6 19. Bxe8 Bxd3 20. Bxc6 Ra6
21. Rd1 Rxc6 22. Rxd3 Kg8 23. Rd5 exf4 24. exf4 Re6 25. Kd1 Rd6 26. Rxd6 cxd6
27. a4 Kf7 28. b4 Ke7 29. bxa5 Kd7 30. Kd2 Kc7 31. Kc3 Ne7 32. Kc4 Kb7 33. Kb5
h6 34. h4 Ng6 35. a6+ Kc7 36. h5 Nf8 37. Nd4 g6 38. hxg6 Nxg6 39. Ne6+ Kc8 40.
Kb6 1-0